000 00970nas a2200301 4500
001 BR0809138
003 BR-BrBNA
005 20231205112530.0
007 ta
008 230509b bl.|||p| |||| 00| 00por d
040 _aBR-BrBNA
_bpor
_cBiblioteca Nacional de Agricultura
041 _a(Pt)
072 _aC30; N01
100 1 _aPauli, D.G. de
100 1 _aSilva, J.N. da
100 1 _aVigoderis, R.B.
100 1 _aTinoco, I.F.F.
100 1 _aIorio, V.O. de
100 1 _aGalvarro, S.F.S.
245 1 _aDesenvolvimento de um software para o dimensionamento de sistemas de ventilação e resfriamento evaporativo em instalações avícolas climatizadas
650 _aINSTALAÇÃO AGRICOLA
650 _aAVIARIO
650 _aINFORMATICA
650 _aVENTILAÇÃO
773 0 _tEngenharia na Agricultura (Brazil)
_xISSN 1414-3984
_g(Apr-Jun 2008), v. 16(2) p. 167-179
_wBR0809138
909 _a202311
_bLúcia
_c55
_dLúcia Elande
942 _2AGRIS
_n0
_cANA
999 _c198535
_d198535